Người lao động

Ngưng đặt mua 1/2019

Guardat en:
Dades bibliogràfiques
Autor principal: Liên đoàn Lao động Thành phố Hồ Chí Minh
Format: Llibre
Idioma:Undetermined
Publicat: Thành phố Hồ Chí Minh
Matèries:
Accés en línia:http://lrc.tdmu.edu.vn/opac/search/detail.asp?aID=2&ID=6813
Etiquetes: Afegir etiqueta
Sense etiquetes, Sigues el primer a etiquetar aquest registre!
Thư viện lưu trữ: Trung tâm Học liệu Trường Đại học Thủ Dầu Một
LEADER 00653nam a2200169Ia 4500
001 TDMU_6813
008 210410s9999 xx 000 0 und d
082 |a NULL 
100 |a Liên đoàn Lao động Thành phố Hồ Chí Minh 
245 0 |a Người lao động 
245 0 |c Liên đoàn Lao động Thành phố Hồ Chí Minh 
260 |a Thành phố Hồ Chí Minh 
300 |a 16tr 
520 |a Ngưng đặt mua 1/2019 
650 |a Báo Người lao động  
856 |u http://lrc.tdmu.edu.vn/opac/search/detail.asp?aID=2&ID=6813 
980 |a Trung tâm Học liệu Trường Đại học Thủ Dầu Một